000 00752nam a2200241Ia 4500
003 OSt
005 20220927105350.0
006 a|||||r|||| 00| 0
007 ta
008 220926b |||||||| |||| 00| 0 eng d
024 _a180616
037 _cReference Collections
040 _aRTL
_cRTL
_beng
041 _2eng
_aeng
082 _a"X93:8J.2.P06<P05, P6/GD"
110 _a"INDIA, FINANCE (Ministry of-)"
_9371978
245 0 _aUnion government
_b Finance accounts.
260 _aNew
_bDelhi Controller pf Publications
_c2006
300 _a"v,525p."
_ccm.
700 _a"INDIA, FINANCE (Ministry of-)"
_9371979
942 _h"X93:8J.2.P06<P05, P6/GD"
_cCC
999 _c692126
_d692126